[Event "South Australia-ch"]
[Site "Adelaide"]
[Date "2010.03.16"]
[Round "7"]
[White "Mdinaradze, Edgar"]
[Black "Cowley, Robert"]
[Result "1/2-1/2"]
[WhiteElo "1957"]
[BlackElo "2142"]
[PlyCount "60"]
[EventDate "2010.02.02"]
[EventType "tourn"]
[EventRounds "9"]
[EventCountry "AUS"]
[SourceTitle "EXT 2023"]
[Source "ChessBase"]
[SourceDate "2022.10.05"]
[SourceVersion "1"]
[SourceVersionDate "2022.10.05"]
[SourceQuality "1"]

1. d4 Nf6 2. c4 e6 3. Nf3 d5 4. e3 dxc4 5. Bxc4 c5 6. Nc3 a6 7. a4 Nc6 8. 0-0 Qc7 9. Qe2 Bd6 10. dxc5 Bxc5 11. e4 Ng4 12. g3 0-0 13. Nd1 Bd7 14. b3 Nge5 15. Bf4 Bd6 16. Nxe5 Bxe5 17. Bxe5 Qxe5 18. Rc1 Nd4 19. Qe3 Bc6 20. Nc3 Rfd8 21. f3 b5 22. Be2 Nxb3 23. Rcd1 Nd4 24. Kf2 b4 25. Nd5 exd5 26. Rxd4 dxe4 27. Rxb4 f6 28. fxe4 Rab8 29. Rfb1 Rxb4 30. Rxb4 Qa5 1/2-1/2

[Event "Begonia op 44th"]
[Site "Ballarat"]
[Date "2010.03.07"]
[Round "5"]
[White "Mdinaradze, Edgar"]
[Black "Dragicevic, Domagoj"]
[Result "0-1"]
[WhiteElo "1891"]
[BlackElo "2154"]
[PlyCount "114"]
[EventDate "2010.03.06"]
[EventType "swiss"]
[EventRounds "7"]
[EventCountry "AUS"]
[SourceTitle "CBM 135 Extra"]
[Source "ChessBase"]
[SourceDate "2010.05.04"]
[SourceVersion "1"]
[SourceVersionDate "2010.05.04"]
[SourceQuality "1"]

1. d4 d6 2. c4 Nf6 3. Nc3 Nbd7 4. Nf3 e5 5. e3 Be7 6. Qc2 c6 7. Bd3 Qc7 8. Bd2 Nf8 9. h3 Ng6 10. Ne4 Nxe4 11. Bxe4 0-0 12. g4 Re8 13. 0-0-0 exd4 14. Nxd4 Nf8 15. Kb1 a6 16. f3 Bd7 17. Bc1 Qa5 18. Bd2 Qc5 19. Rhe1 Rac8 20. Nb3 Qa7 21. Bc3 b5 22. cxb5 axb5 23. Bf5 c5 24. Nc1 b4 25. Bd2 Rc7 26. Bxd7 Nxd7 27. f4 Rb8 28. b3 Nb6 29. e4 c4 30. Be3 cxb3 31. Qxb3 Rc3 32. Qb2 Rxe3 33. Rxe3 Nc4 34. Qd4 Qxd4 35. Rxd4 Nxe3 36. Nd3 Nd1 37. Kc2 Nc3 38. Kb3 Nb5 39. Rc4 Bf6 40. Rxb4 Nd4+ 41. Kc4 Rxb4+ 42. Nxb4 Ne6 43. Nd5 Bd8 44. a4 g5 45. f5 Nf4 46. Kb5 Nxh3 47. Kc6 Nf4 48. Nb6 Bxb6 49. Kxb6 h5 50. a5 hxg4 51. a6 g3 52. a7 g2 53. a8Q+ Kh7 54. Kc6 g1Q 55. Kd7 Qd4 56. Ke7 Qe5+ 57. Kxf7 Qg7+ 0-1

[Event "South Australia-ch"]
[Site "Adelaide"]
[Date "2010.02.16"]
[Round "3"]
[White "Mdinaradze, Edgar"]
[Black "Thiyagarajah, Anand"]
[Result "1-0"]
[WhiteElo "1957"]
[BlackElo "1917"]
[PlyCount "70"]
[EventDate "2010.02.02"]
[EventType "tourn"]
[EventRounds "9"]
[EventCountry "AUS"]
[SourceTitle "EXT 2023"]
[Source "ChessBase"]
[SourceDate "2022.10.05"]
[SourceVersion "1"]
[SourceVersionDate "2022.10.05"]
[SourceQuality "1"]

1. d4 Nf6 2. c4 g6 3. Nc3 d5 4. Nf3 Bg7 5. e3 0-0 6. Be2 b6 7. 0-0 Bb7 8. Qb3 Nc6 9. cxd5 Na5 10. Qc2 Nxd5 11. Nxd5 Bxd5 12. Bd2 Nb7 13. Rac1 c5 14. e4 Bc6 15. d5 Bd7 16. Rfd1 e5 17. Ba6 Nd6 18. a4 Bg4 19. Be2 f5 20. Bg5 Bf6 21. Bxf6 Qxf6 22. Ne1 Bxe2 23. Qxe2 Nxe4 24. b4 Rac8 25. f3 Nd6 26. bxc5 Rxc5 27. Rxc5 bxc5 28. Nd3 e4 29. Nxc5 Qc3 30. Ne6 Rc8 31. fxe4 fxe4 32. Rf1 Qb3 33. Qf2 Nf5 34. g4 Rc2 35. Qxa7 Rg2+ 1-0

[Event "Adelaide Labour Day op"]
[Site "Adelaide"]
[Date "2009.10.04"]
[Round "6"]
[White "Ferro Jove, Miguel Angel"]
[Black "Mdinaradze, Edgar"]
[Result "1-0"]
[WhiteElo "1954"]
[BlackElo "1904"]
[PlyCount "89"]
[EventDate "2009.10.03"]
[EventType "swiss"]
[EventRounds "6"]
[EventCountry "AUS"]
[SourceTitle "EXT 2023"]
[Source "ChessBase"]
[SourceDate "2022.10.05"]
[SourceVersion "1"]
[SourceVersionDate "2022.10.05"]
[SourceQuality "1"]

1. e4 e5 2. Nf3 Nc6 3. Bb5 Be7 4. 0-0 a6 5. Ba4 b5 6. Bb3 Nf6 7. Re1 d6 8. c3 0-0 9. h3 Na5 10. Bc2 c5 11. d4 Qc7 12. Nbd2 h6 13. a4 Bd7 14. d5 Nb7 15. c4 b4 16. b3 Nh7 17. Nf1 Nd8 18. Ng3 Bg5 19. Bxg5 hxg5 20. Qd2 f6 21. Nf5 g6 22. Ng3 Nf7 23. h4 Bg4 24. Nh2 Bc8 25. h5 gxh5 26. Nxh5 Nh6 27. f3 Qd8 28. Ng3 f5 29. exf5 Nxf5 30. Nxf5 Bxf5 31. Bxf5 Rxf5 32. Ng4 Rf4 33. Re4 Ra7 34. Rf1 Qf8 35. Rxf4 gxf4 36. Qd3 Kh8 37. Kf2 Rg7 38. Rh1 Qf7 39. Rh6 Qe7 40. Qf5 Rf7 41. Qg6 Rg7 42. Qxd6 e4 43. Qxe7 Rxe7 44. fxe4 Rxe4 45. Rxh7+ 1-0

[Event "Pennant-chT"]
[Site "Adelaide"]
[Date "2009.09.22"]
[Round "2.1"]
[White "Mdinaradze, Edgar"]
[Black "Cloudsdale, Colin"]
[Result "0-1"]
[WhiteElo "1904"]
[BlackElo "1958"]
[PlyCount "140"]
[EventDate "2009.09.15"]
[EventType "team-tourn"]
[EventRounds "7"]
[EventCountry "AUS"]
[SourceTitle "EXT 2023"]
[Source "ChessBase"]
[SourceDate "2022.10.05"]
[SourceVersion "1"]
[SourceVersionDate "2022.10.05"]
[SourceQuality "1"]

1. e4 c5 2. Nc3 Nc6 3. a3 g6 4. Bc4 Bg7 5. Nf3 e6 6. 0-0 Nge7 7. Re1 0-0 8. d3 a6 9. Rb1 b5 10. Ba2 Bb7 11. Ne2 Nd4 12. Ng3 f5 13. Nxd4 cxd4 14. Bg5 f4 15. Ne2 f3 16. gxf3 Rxf3 17. Nf4 Rxf4 18. Bxf4 h6 19. Bg3 Kh7 20. f3 Ng8 21. Re2 Nf6 22. Rg2 Nh5 23. Qd2 Qf6 24. Rf1 Rf8 25. f4 Bc6 26. Rgf2 Qe7 27. Qe2 Qc5 28. Rf3 a5 29. Be1 d5 30. e5 b4 31. axb4 axb4 32. Bb3 Rf5 33. R3f2 Bf8 34. Bd2 Ng7 35. Rg2 Be8 36. Kh1 Rh5 37. Rfg1 Nf5 38. Qg4 Qb6 39. Qe2 Qb7 40. Qf2 Nh4 41. Rg4 Nf5 42. Ra1 Be7 43. Qg1 Bh4 44. Be1 Bxe1 45. Qxe1 Ne3 46. Rg1 Rf5 47. Qh4 Qf7 48. Ba4 Bxa4 49. Rxa4 g5 50. Qh3 Rxf4 51. Ra6 g4 52. Qg3 Rf3 53. Qe1 Qf4 54. Ra7+ Kg6 55. Qh4 Rf2 56. Qf6+ Qxf6 57. exf6 Kxf6 58. Rb7 Rxc2 59. Rxb4 Rd2 60. Rxd4 Ke5 61. Rb4 Rxd3 62. Rb8 Rd2 63. Rb1 d4 64. b4 d3 65. b5 Re2 66. Ra8 Nc2 67. Rc8 Nd4 68. Rcc1 Nf3 69. Re1 Rxe1+ 70. Rxe1+ Nxe1 0-1